| 000 | 01286nam a2200325 c 4500 | ||
|---|---|---|---|
| 001 | 768714001 | ||
| 003 | CO-MdFUSB | ||
| 005 | 20220725124931.0 | ||
| 007 | ta | ||
| 008 | 220216t2004 -us |||| |||| 00| 0 spa d | ||
| 020 | _a0829737510 | ||
| 040 |
_aCO-MdFUSB _bspa _cCO-MdFUSB _dCO-MdFUSBC _erda |
||
| 041 |
_aspa _hspa |
||
| 082 |
_226 _a248 _bT454 |
||
| 100 |
_aThomas, Gary L. _eautor |
||
| 240 | _aAuthenic Faith | ||
| 245 | 1 | 4 |
_aUna fe auténtica : _bel poder de una vida probada con fuego _c/ Gary L. Thomas ; traducido por Carolina Galán Caballero |
| 264 | 1 |
_aEstados Unidos : _bVida, _c[2002] |
|
| 264 | 4 | _c© 2002 | |
| 300 |
_a284 páginas _c; 22 cm |
||
| 336 |
_2rdacontent _atexto _btxt |
||
| 337 |
_2rdamedia _asin mediación _bn |
||
| 338 |
_2rdacarrier _avolumen _bnc |
||
| 505 | _aDones severos. -- Una vida más allá de uno mismo. -- Ese ejercicio tan insoportable. -- Dosis de frustración. -- Testimonio de titanes. -- El pueblo del corazón de Dios. -- Renunciemos al rencor. -- La promesa del dolor. -- Expectativas tiránicos. -- Que no se haga mi voluntad. -- Bien hecho... ¡apártate de mi! | ||
| 563 | _aRústico | ||
| 650 | 0 |
_919 _aVida cristiana |
|
| 700 |
_96168 _aGalán Caballero, Carolina, _etraductor |
||
| 942 | _cBK | ||
| 945 | _aJTF-925 | ||
| 999 |
_c67222 _d67222 |
||